Countries Where Disney Movies Take Place-Sudden Death - Statistics

General Stats
  • This quiz has been taken 209 times
    204 since last reset
  • The average score is 7 of 15
Answers on the Grid
Answers color-coded by a green-red scale on the quiz's grid according to % correct below.
Australia
Canada
China
Colombia
France
Germany
Greece
Italy
Mexico
Peru
Tanzania
UK
USA
Japan
Norway
India
Cuba
Brazil
New Zealand
South Korea
Egypt
Bulgaria
Indonesia
Poland
 
Answer Stats
Answer % Correct
Toy Story series, Inside Out, Bolt,
The Princess and the Frog, Cars, Lilo & Stitch, etc.
USA
76%
Brave, Peter Pan, Robin Hood, The Sword in the Stone,
Alice in Wonderland, The Great Mouse Detective, Winnie the Pooh
UK
69%
Ratatouille, Beauty and the Beast,
Hunchback of Notre Dame
France
68%
Mulan China
65%
Luca, Pinocchio Italy
58%
Tangled, Snow White,
Sleeping Beauty, etc.
Germany
57%
Hercules Greece
53%
Coco Mexico
50%
Frozen Series Norway
46%
The Jungle Book India
39%
Finding Nemo,
Finding Dory
Australia
33%
Emperor's New Groove series Peru
33%
Encanto Colombia
32%
Turning Red Canada
24%
The Lion King Tanzania
22%
No matching quizzes found
Score Distribution
Percent of People with Each Score
Percentile by Number Answered
Your Score History
You have not taken this quiz since the last reset